000
00279nam a2200109Ia 4500
008
220204s9999 xx 000 0 und d
082
_a
543.544(038)
_b
ANG
245
0
_a
Dictionary of chromatography
260
_a
New York
_b
Huthig
_c
1984
700
_a
Angle, Hans-Peter
942
_c
BK
999
_c
38203
_d
38203